The Spotted Horse coalfield, Sheridan and Campbell Counties, Wyoming / (Record no. 29175)

MARC details
000 -LEADER
fixed length control field 00945cam a22002891a 4500
001 - CONTROL NUMBER
control field gs 57000229
003 - CONTROL NUMBER IDENTIFIER
control field DLC
005 - DATE AND TIME OF LATEST TRANSACTION
control field 20260227111405.0
008 - FIXED-LENGTH DATA ELEMENTS--GENERAL INFORMATION
fixed length control field 790720s1957 dcuab b f001 0 eng
010 ## - LIBRARY OF CONGRESS CONTROL NUMBER
LC control number gs 57000229
035 ## - SYSTEM CONTROL NUMBER
System control number (OCoLC)5191778
040 ## - CATALOGING SOURCE
Original cataloging agency DLC
Transcribing agency NFredU
Modifying agency OCoLC
-- DNAL
-- DLC
042 ## - AUTHENTICATION CODE
Authentication code premarc
050 00 - LIBRARY OF CONGRESS CALL NUMBER
Classification number QE75
Item number .B9 no. 1050
070 0# - NATIONAL AGRICULTURAL LIBRARY CALL NUMBER
Classification number 407
Item number G29B no.1050
072 0# - SUBJECT CATEGORY CODE
Subject category code X400
-- P100
100 1# - MAIN ENTRY--PERSONAL NAME
Personal name Olive, Wilds W.
Fuller form of name (Wilds Williamson),
Dates associated with a name 1921-
245 14 - TITLE STATEMENT
Title The Spotted Horse coalfield, Sheridan and Campbell Counties, Wyoming /
Statement of responsibility, etc. W.W. Olive.
260 ## - PUBLICATION, DISTRIBUTION, ETC.
Place of publication, distribution, etc. Washington, [D.C.] :
Name of publisher, distributor, etc. U.S. G.P.O.,
Date of publication, distribution, etc. 1957.
300 ## - PHYSICAL DESCRIPTION
Extent v, 83 p. :
Other physical details ill., maps (col.) ;
Dimensions 24 cm.
440 #0 - SERIES STATEMENT/ADDED ENTRY--TITLE
Title Geological Survey bulletin ;
Volume/sequential designation 1050
500 ## - GENERAL NOTE
General note Eleven folded leaves in pocket.
500 ## - GENERAL NOTE
General note Bibliography: p. 68-69.
500 ## - GENERAL NOTE
General note Includes index.
650 #0 - SUBJECT ADDED ENTRY--TOPICAL TERM
Topical term or geographic name entry element Coal
Geographic subdivision Wyoming
-- Sheridan County.
650 #0 - SUBJECT ADDED ENTRY--TOPICAL TERM
Topical term or geographic name entry element Coal
Geographic subdivision Wyoming
-- Campbell County.

No items available.

Powered by Koha